Welcome to the Holygrace Academy Library

Please use search bar below to get started

TECHNICAL MATHEMATICS (Record no. 1268)

MARC details
000 -LEADER
fixed length control field 00381nam a22001337a 4500
082 ## - DEWEY DECIMAL CLASSIFICATION NUMBER
Classification number 510
Item number PRA/T
100 ## - MAIN ENTRY--AUTHOR NAME
Personal name PRASAD, VSSN
245 ## - TITLE STATEMENT
Title TECHNICAL MATHEMATICS
250 ## - EDITION STATEMENT
Edition statement FIRST EDITION
260 ## - PUBLICATION, DISTRIBUTION, ETC. (IMPRINT)
Place of publication HYDERABAD
Name of publisher RADIANT PUBLISHING HOUSE
Year of publication 2003
520 ## - SUMMARY, ETC.
Summary, etc BOOKS FOR DIPLOMA IN ENGINEERING AS PER CURRICULUM 2003, GOVT OF KERALA
650 ## - SUBJECT ADDED ENTRY--TOPICAL TERM
Topical Term MATHS REFERENCE
Geographic subdivision INDIA
942 ## - ADDED ENTRY ELEMENTS (KOHA)
Koha item type Books
Holdings
Withdrawn status Lost status Collection code Home library Current library Shelving location Date acquired Source of acquisition Cost, normal purchase price Full call number Accession Number Koha item type
    Reference Main Library Main Library SHELF-5 A REFERENCE MATHS 23/10/2008 purchase 150.00 510 PRA/T 03360 Books